[Event "I Weekend"]
[Site "Rivarolo Mantovano ITA"]
[Date "2003.10.19"]
[Round "6"]
[White "Garofalo, Sergio"]
[Black "Gozzi, Fabrizio"]
[Result "0-1"]
[WhiteElo "1663"]
[BlackElo "1812"]
[PlyCount "116"]
[EventDate "2003.10.11"]

1. d4 Nf6 2. Nf3 d6 3. c4 Bg4 4. Qb3 Qc8 5. Nbd2 Nbd7 6. e4 e5 7. d5 Nc5 8. Qe3
a5 9. h3 Bh5 10. Nh2 Bg6 11. f3 a4 12. b4 axb3 13. Nxb3 Nxb3 14. Qxb3 Nd7 15.
Be3 Be7 16. g3 O-O 17. Bd3 b6 18. Ke2 f5 19. exf5 Bxf5 20. Qc2 Bxd3+ 21. Qxd3
Ra4 22. a3 Qa6 23. Rhc1 e4 24. Qb3 exf3+ 25. Nxf3 Bf6 26. Ra2 Ra8 27. Qb5 Qxb5
28. cxb5 Nc5 29. Bxc5 dxc5 30. Nd2 Rxa3 31. Rxa3 Rxa3 32. Nc4 Rxg3 33. d6 cxd6
34. Nxb6 Rb3 35. Nc8 Rxb5 36. Nxd6 Rb2+ 37. Kf3 Bd4 38. Re1 h6 39. Kg4 Kh7 40.
Re7 Rb6 41. Ne4 Rc6 42. Rd7 Kg6 43. h4 h5+ 44. Kf4 Bf6 45. Kg3 c4 46. Rd2 c3
47. Rc2 Kf5 48. Kf3 Bd4 49. Ng5 Rb6 50. Nf7 Rb2 51. Rc1 Rf2+ 52. Kg3 Ke4 53.
Nd6+ Kd3 54. Nb5 Rb2 55. Rd1+ Rd2 56. Rc1 c2 57. Rf1 Rd1 58. Rf3+ Be3 0-1

[Event "I Weekend"]
[Site "Rivarolo Mantovano ITA"]
[Date "2003.10.19"]
[Round "6"]
[White "Grillo, Francesco"]
[Black "Schiatti, Piero"]
[Result "0-1"]
[WhiteElo "1654"]
[BlackElo "1804"]
[PlyCount "66"]
[EventDate "2003.10.11"]

1. d4 d5 2. c4 dxc4 3. Nf3 Nf6 4. e3 Bg4 5. Bxc4 e6 6. O-O Nbd7 7. Nbd2 Bd6 8.
Qc2 O-O 9. a3 c6 10. Re1 Qe7 11. Bd3 h6 12. h3 Bxf3 13. Nxf3 e5 14. e4 Rfd8 15.
Be3 exd4 16. Bxd4 Ne5 17. Bxe5 Bxe5 18. Rad1 Rd7 19. Bc4 Rad8 20. Rxd7 Rxd7 21.
Nxe5 Qxe5 22. b4 Qd4 23. Re3 Qa1+ 24. Kh2 Rd1 25. Qa2 Rh1+ 26. Kg3 Qe5+ 27. f4
Nh5+ 28. Kf2 Qxf4+ 29. Rf3 Qc1 30. Re3 Qg1+ 31. Kf3 Qd1+ 32. Be2 Rf1+ 33. Kg4
Nf6+ 0-1

[Event "I Weekend"]
[Site "Rivarolo Mantovano ITA"]
[Date "2003.10.19"]
[Round "6"]
[White "Gualazzi, Paolo"]
[Black "Peron, Davide"]
[Result "0-1"]
[WhiteElo "1684"]
[BlackElo "1585"]
[PlyCount "56"]
[EventDate "2003.10.11"]

1. d4 Nf6 2. c4 e6 3. Nc3 Bb4 4. Qc2 Nc6 5. Be3 d5 6. a3 Bxc3+ 7. Qxc3 Ne4 8.
Qc2 f5 9. Nf3 O-O 10. g3 Bd7 11. Bg2 Na5 12. cxd5 exd5 13. O-O c6 14. Ne5 Be6
15. Bf4 Qb6 16. Rad1 Rac8 17. f3 Nf6 18. b4 Nc4 19. e4 fxe4 20. fxe4 Nxa3 21.
Qb2 Nb5 22. exd5 Bxd5 23. Bxd5+ cxd5 24. Bg5 Rc7 25. Be3 Rfc8 26. Qg2 Nc3 27.
Rc1 Qxb4 28. Bd2 Qxd4+ 0-1

[Event "I Weekend"]
[Site "Rivarolo Mantovano ITA"]
[Date "2003.10.19"]
[Round "6"]
[White "Gualtieri, Primo"]
[Black "Tencati, Giuseppe"]
[Result "0-1"]
[WhiteElo "1552"]
[BlackElo "2115"]
[PlyCount "78"]
[EventDate "2003.10.11"]

1. e4 e6 2. d4 d5 3. e5 c5 4. c3 Nc6 5. Nf3 Qb6 6. Bd3 Bd7 7. O-O cxd4 8. Nxd4
Nxd4 9. cxd4 Qxd4 10. Nc3 a6 11. Qe2 Nh6 12. Bxh6 gxh6 13. Rad1 Qh4 14. Bb1 Bc5
15. g3 Rg8 16. Kh1 Qh3 17. Rg1 Rg5 18. Rg2 h5 19. Qd2 Rxe5 20. Ne4 Bc6 21. Nxc5
d4 22. Be4 Rxe4 23. Nxe4 Bxe4 24. Rdg1 Bxg2+ 25. Rxg2 O-O-O 26. Qd3 Qg4 27. f3
Qg5 28. Rc2+ Kb8 29. Rc4 Qd5 30. Rb4 Ka8 31. b3 e5 32. Kg1 Rc8 33. Rc4 Rxc4 34.
Qxc4 Qxc4 35. bxc4 b5 36. cxb5 axb5 37. Kf1 Kb7 38. Ke2 Kc6 39. Kd3 Kd5 0-1

[Event "I Weekend"]
[Site "Rivarolo Mantovano ITA"]
[Date "2003.10.19"]
[Round "6"]
[White "Menini, Luca"]
[Black "Bocceda, Carlo"]
[Result "0-1"]
[WhiteElo "1516"]
[BlackElo "1636"]
[PlyCount "94"]
[EventDate "2003.10.11"]

1. d4 Nf6 2. c4 e6 3. Nc3 c5 4. e3 b6 5. Nf3 Bb7 6. Bd3 cxd4 7. exd4 Bb4 8. Bg5
h6 9. Bh4 O-O 10. Qc2 d5 11. O-O-O Bxc3 12. Qxc3 Nbd7 13. Kb1 Rc8 14. Qb3 Re8
15. Ne5 Qc7 16. Bxf6 Nxf6 17. Rc1 dxc4 18. Rxc4 Qd6 19. Rhc1 Rxc4 20. Qxc4 g6
21. Qc7 Qe7 22. g4 Nd5 23. Qxe7 Rxe7 24. f3 Rc7 25. Be4 Rxc1+ 26. Kxc1 Kg7 27.
Kd2 f5 28. gxf5 gxf5 29. Bxd5 Bxd5 30. a3 Kf6 31. f4 Ke7 32. Kc3 h5 33. a4 Kd6
34. b4 h4 35. b5 h3 36. Kb4 Bg2 37. a5 Kd5 38. axb6 axb6 39. Nc4 Kxd4 40. Nxb6
Ke4 41. Nc4 Kxf4 42. Kc5 e5 43. b6 Bb7 44. Nd6 Ba6 45. b7 Bxb7 46. Nxb7 e4 47.
Nd6 e3 0-1

[Event "I Weekend"]
[Site "Rivarolo Mantovano ITA"]
[Date "2003.10.19"]
[Round "6"]
[White "Moi, Roberto"]
[Black "Massa, Salvenrico"]
[Result "1-0"]
[WhiteElo "1840"]
[BlackElo "1750"]
[PlyCount "71"]
[EventDate "2003.10.11"]

1. d4 Nf6 2. c4 e6 3. Nf3 b6 4. a3 Bb7 5. Nc3 Ne4 6. Qc2 Nxc3 7. Qxc3 Be7 8.
Bf4 O-O 9. e3 f5 10. Rd1 Bf6 11. Qb3 d6 12. Be2 Kh8 13. h4 Qe8 14. d5 e5 15.
Bg5 Na6 16. Qc2 Bc8 17. b4 Nb8 18. c5 bxc5 19. Bxf6 gxf6 20. bxc5 dxc5 21. Qxc5
Qf7 22. h5 a5 23. Nh4 Kg7 24. Rc1 Na6 25. Bxa6 Rxa6 26. Qxc7 Qxc7 27. Rxc7+ Kh6
28. f4 Rb6 29. Rxc8 Rb1+ 30. Kd2 Rxh1 31. Nxf5+ Kxh5 32. Rxf8 exf4 33. exf4 Kg4
34. Ne3+ Kxf4 35. d6 Ra1 36. d7 1-0

[Event "I Weekend"]
[Site "Rivarolo Mantovano ITA"]
[Date "2003.10.19"]
[Round "6"]
[White "Terbonati, Paolo"]
[Black "Ghirardi, Gianfranco"]
[Result "0-1"]
[WhiteElo "1572"]
[BlackElo "1615"]
[PlyCount "146"]
[EventDate "2003.10.11"]

1. c4 e5 2. Nc3 Nf6 3. g3 a6 4. Bg2 Nc6 5. Nf3 Bc5 6. O-O d6 7. a3 Bd7 8. b4
Bd4 9. Nxd4 exd4 10. Nd5 b5 11. cxb5 axb5 12. Bb2 Rb8 13. Qc2 Nxd5 14. Bxd5 Ne7
15. Bxd4 Nxd5 16. Bxg7 Rg8 17. Qxh7 Rxg7 18. Qxg7 Ke7 19. e4 Nf6 20. f3 Qh8 21.
Qxh8 Rxh8 22. d4 Rb8 23. Rac1 Ne8 24. Rc3 f6 25. Re1 Kf7 26. e5 Be6 27. exd6
cxd6 28. Rce3 Bc4 29. Re7+ Kf8 30. Rh7 Ng7 31. Rh4 Ra8 32. Ra1 Kf7 33. Re4 f5
34. Re3 f4 35. Rc3 fxg3 36. hxg3 d5 37. Kf2 Nf5 38. Rd1 Rh8 39. Kg2 Re8 40. Rd2
Re1 41. g4 Nh4+ 42. Kg3 Ng6 43. Kf2 Rf1+ 44. Kg2 Nf4+ 45. Kh2 Re1 46. Rcc2 Kf6
47. Kg3 Kg5 48. Rh2 Rd1 49. Rh8 Ne2+ 50. Kf2 Nxd4 51. Rc3 Rf1+ 52. Kg2 Re1 53.
Kf2 Re2+ 54. Kg3 Ne6 55. Rc1 d4 56. Rch1 Kf6 57. R1h6+ Ke7 58. f4 d3 59. R8h7+
Kd6 60. f5 d2 61. fxe6 Bxe6 62. Rxe6+ Kxe6 63. Rh1 Re1 64. Rh6+ Ke5 65. Rh5+
Kd4 66. Rh8 Kc4 67. Rd8 d1=Q 68. Rxd1 Rxd1 69. Kf4 Ra1 70. g5 Rxa3 71. g6 Kxb4
72. g7 Ra8 73. Kf5 Kc3 0-1

[Event "I Weekend"]
[Site "Rivarolo Mantovano ITA"]
[Date "2003.10.19"]
[Round "6"]
[White "Zordan, Giovanni"]
[Black "Benedetti, Maurizio"]
[Result "1-0"]
[WhiteElo "1453"]
[BlackElo "1522"]
[PlyCount "59"]
[EventDate "2003.10.11"]

1. d4 Nf6 2. Nf3 g6 3. c4 Bg7 4. Nc3 c6 5. b3 Qc7 6. g3 d6 7. Bg2 O-O 8. O-O
Nbd7 9. Bb2 e5 10. d5 Nc5 11. Ng5 h6 12. Nge4 Ncxe4 13. Nxe4 Nxe4 14. Bxe4 f5
15. Bg2 e4 16. Bxg7 Kxg7 17. Qd4+ Kf7 18. f3 exf3 19. Rxf3 c5 20. Qf2 Bd7 21.
e4 Kg7 22. Rf1 Qc8 23. g4 fxg4 24. Rf7+ Kg8 25. Qf6 Rxf7 26. Qxf7+ Kh8 27. Qe7
g5 28. Rf7 Qe8 29. Rh7+ Kg8 30. Qg7# 1-0